Campo de partida: educación ambiental y educación para el desarrollo sustentable: ¿tensión o transición? /
Guardado en:
| 主要作者: | |
|---|---|
| 格式: | Texto |
| 主題: | |
| 標簽: |
添加標簽
沒有標簽, 成為第一個標記此記錄!
|
MARC
| LEADER | 00000 a a2200000 04500 | ||
|---|---|---|---|
| 001 | 18778 | ||
| 003 | |||
| 040 | |||
| 100 | |a González Gaudiano, Edgar Javier | ||
| 245 | |a Campo de partida: |b educación ambiental y educación para el desarrollo sustentable: ¿tensión o transición? / |c Edgar Javier González Gaudiano | ||
| 650 | |a EDUCACION AMBIENTAL | ||
| 650 | |a ECOLOGIA | ||
| 650 | |a DISCURSOS | ||
| 650 | |a MEDIO AMBIENTE | ||
| 650 | |a DESARROLLO SOSTENIBLE | ||
| 773 | |g volumen 8, número 20 -21; páginas 52-62 | ||
| 999 | |c 23038 |d 23038 | ||
